Essentials of business communication (Record no. 21963)
[ view plain ]
| 000 -LEADER | |
|---|---|
| fixed length control field | 00246nam a2200097Ia 4500 |
| 008 - FIXED-LENGTH DATA ELEMENTS--GENERAL INFORMATION | |
| fixed length control field | 170619s9999 xx 000 0 und d |
| 100 ## - MAIN ENTRY--PERSONAL NAME | |
| Personal name | Pal- Rajendra |
| 245 #0 - TITLE STATEMENT | |
| Title | Essentials of business communication |
| 260 ## - PUBLICATION, DISTRIBUTION, ETC. | |
| Name of publisher, distributor, etc. | New Delhi Sultan Chand |
| 260 ## - PUBLICATION, DISTRIBUTION, ETC. | |
| Date of publication, distribution, etc. | 2004 |
| 546 ## - LANGUAGE NOTE | |
| Language note | ENGLISH |
No items available.

